Statistics for Presidents of the Croatian Parliament

Click here to take the quiz!

General Stats

  • This quiz has been taken 5 times
  • The average score is 8 of 12

Answer Stats

TermPresident% Correct
2016-2017Božo Petrov
100%
2017-presentGordan Jandroković
100%
2008-2011Luka Bebić
100%
2003-2008Vladimir Šeks
100%
1992-1994Stjepan Mesić
80%
2015-2016Željko Reiner
60%
2000-2003Zlatko Tomčić
60%
2012-2015Josip Leko
40%
1994-1995Nedjeljko Mihanović
40%
1995-2000Vlatko Pavletić
40%
1990-1992Žarko Domljan
40%
2011-2012Boris Šperm
20%

Score Distribution

Percentile by Number Answered

Percent of People with Each Score

Your Score History

You have not taken this quiz